000 00258nam a22001217a 4500
040 _cHS
082 _a636
100 _aCLARENCE M.FRASER
245 _aThe merck veterinary manual
260 _aUSA
_bCLARENCE M. FRASER
_c1991
300 _a1734p.
942 _cEK
999 _c8750
_d8750